|
|
|
|
| LEADER |
00767nnm a2200205 i 4500 |
| 001 |
eta190 |
| 005 |
20190108093818.0 |
| 008 |
180515s2006 hu o 0|| ita d |
| 020 |
|
|
|a 963-9704-40-7
|
| 040 |
|
|
|a SZTE Elektronikus Tananyag Archívum
|b hun
|
| 041 |
|
|
|a ita
|
| 245 |
0 |
0 |
|a Il mondo è stato riconsiderato
|h [elektronikus dokumentum] :
|b poesie italiane del secondo Novecento, lineare, visiva, sonora, plurilingue...
|
| 260 |
|
|
|a Bölcsész Konzorcium
|c 2006
|
| 516 |
|
|
|a Book
|
| 650 |
|
4 |
|a Bölcsészettudományok
|
| 650 |
|
4 |
|a Nyelvek és irodalom
|
| 650 |
|
4 |
|a Specifikus irodalom
|
| 650 |
|
4 |
|a Irodalomtörténet
|
| 700 |
0 |
1 |
|a Szkárosi Endre
|
| 856 |
4 |
0 |
|u https://eta.bibl.u-szeged.hu/190/2/szkarosi_endre_ii_mondo_e_stato_riconsiderato/start.htm
|z Dokumentum-elérés
|